แสดงรายละเอียดบรรณานุกรม
  กลับหน้าหลัก

Brief Record : Get Marc (ISO 2709) : E-mail record : QR code ปิดหน้าต่าง
E-books : เกี่ยวกับ Collections
LEADER 00000nam 2200000uu 4500
001    214380
003     ULIBM
008    250818s||||||||th 000 0 tha d
020    ^a978-616-93213-3-0
040    ^abcnkk
041    ^atha
060 04 ^aWY150 ^bส869น 2567
100 0  ^aสุวดี สุขีนิตย์
245 00 ^aแนวทางการพยาบาลผู้ป่วยได้รับสารน้ำทางหลอดเลือดดำ /^cสุวดี สุขีนิตย์
250    ^aพิมพ์ครั้งที่ 1
260    ^aกรุงเทพฯ :^bวิชั่น พรีเพรส ,^c2567
300    ^a148 หน้า :^bภาพประกอบ ; ตาราง ;^c30 ซม.
650  7 ^aหลอดเลือดดำ
650  0 ^aการพยาบาลผู้ป่วยได้รับสารน้ำ
650  0 ^aสารน้ำ
650  0 ^aผู้ป่วยได้รับสารน้ำ
700 0  ^aภัทรารัตน์ ตันนุกิจ
700 0  ^aจิราพร เชาว์โพธิ์ทอง
999    ^aใช้งานได้ทุกระบบ
รายการนี้ยังไม่มีแท็ก
คุณยังไม่ได้ล็อกอิน คุณสามารถมีกิจกรรมร่วมกับเว็บไซต์ได้ แต่ต้องล็อกอินก่อน ::
  ล็อกอิน
ลำดับที่ ประเภท เลขเรียก สถานที่ สถานะ
1. การพยาบาล (ตำราหลัก)
การพยาบาล (ตำราหลัก)
WY150 ส869น 2567 ฉ.1 
  
การพยาบาลผู้ใหญ่ On Shelf
  ขอยืม
Note:จัดซื้อปีงบ 2568
2. การพยาบาล (ตำราหลัก)
การพยาบาล (ตำราหลัก)
WY150 ส869น 2567 ฉ.2 
  
การพยาบาลผู้ใหญ่ On Shelf
  ขอยืม
Note:จัดซื้อปีงบ 2568
   [แสดง 2/2 รายการ]

รายการใกล้เคียง
    หัวเรื่อง [หลอดเลือดดำ]
    หัวเรื่อง [สารน้ำ]

BibComment


ยังไม่เคยถูกคอมเมนท์

คอมเมนท์ทรัพยากรรายการนี้
  คอมเมนท์: แนวทางการพยาบาลผ..
Bib 214380

 
 
 

 Union Library Management : ULibM
Copyright 2026. All Rights Reserved.
скачать бесплатно без регистрации порно красивый секс HD Sex Hindi sex

xxx gou

xxxx

bfxxx

xxxwww

Секса Видео

xxxx

Секса Видео

detube

geilexxx

C99 Shell

worms shell

blod xxx video
Ebony Coed Rihanna Rimes Takes A Dick In Her Young Twat priyaa indian fuck anal and pusssy hardcore indian women xxx desi hardcore fucking part 1 bengalixxxcouple